000 01083cam a22002054a 4500
005 20250605163929.0
008 250528s ||||||||||||||||||||||||d
035 _a14636
020 _a631170030
040 _aGR-AtMCL
_bgre
_dGR-AtMCL
_eAACR2
245 1 _aThinking and Reasoning
260 _bBlackwell,
_c2001
300 _a394
520 _aA wide range of research on all aspects of thinking and reasoning. Preface, Acknowledgements, Historical Background, The Building Blocks of Thought, Language and Thought, Logic, Deductive Reasoning, Syllogistic Reasoning, Induction, Hypothesis Testing, Statistical Reasoning, Decision Making, Problem Solving, Game Playing and Expertise, Creativity, Everyday Reasoning, Teaching Thinking Skills, The Development of Thinking: Piagetian and Information-Processing Approaches, The Development of Thinking: Scientific and Conceptual Thought, A Framework for the Study of Thinking, References, Name and Subject Index.
700 1 _aGarnham Alan
_9368
700 1 _aOakhill Jane
_9369
942 _cBK
999 _c260
_d260